[Event "Spring Tour GM Mix B 2022"]
[Site "Cattolica"]
[Date "2022.03.12"]
[Round "5.6"]
[White "Dimitrov, Radoslav"]
[Black "Pranav Anand"]
[Result "*"]
[WhiteElo "2487"]
[BlackElo "2436"]
[Annotator "TA"]
[PlyCount "83"]
[EventDate "2022.03.10"]
[EventType "swiss"]
[EventCountry "ITA"]
[SourceTitle "playchess.com"]
[Source "ChessBase"]
[SourceQuality "1"]

{[%evp 11,83,1,0,-5,0,-79,-34,-37,-23,-88,-89,-60,-42,-51,-45,-43,-43,-51,-17,-14,-14,-40,-38,-43,-42,-35,-39,-49,-45,-93,-47,-57,-51,-54,-41,-49,-20,-33,-27,-20,0,0,0,0,0,-11,-11,-11,0,0,0,0,0,-54,0,0,45,0,46,-26,173,0,135,119,126,116,98,106,146,166,336,356,357,273]} 1. d4 d5 2. Bg5 h6 3. Bh4 c6 4. e3 Qb6 5. b3 e5 {[%cal Be7e5,Be5e4][%mdl 32]} 6. Nf3 e4 7. Nfd2 {D00: 1 d4 d5: Unusual lines.} Ne7 8. g4 {[#] To avoid Nf5} (8. f3 $1 $11) 8... Ng6 $146 (8... h5 $17 9. gxh5 Nd7) ({Predecessor:} 8... Nd7 9. Be2 a6 10. c4 Qa5 11. Kf1 Ng6 12. Bg3 Nf6 13. c5 h5 14. gxh5 Bh3+ {½-½ (60) Samakov,N (2364)-Nadirjanova,N (2180) Bishkek 2012}) 9. Bg3 $15 {Black is slightly better.} Qd8 10. f3 (10. c4 $11 {remains equal.}) 10... exf3 $17 (10... Qg5 $6 11. Bf2 $11) 11. Qxf3 Be7 12. Bd3 $1 Nh4 13. Qe2 O-O 14. Nc3 Bb4 (14... c5 $5 {[%cal Rc5d4]} 15. Nb5 a6 $11) 15. Nd1 f5 16. O-O Bxd2 17. Qxd2 {[#] aiming for Qe1.} fxg4 {And now ...Nf3+ would win.} 18. Rxf8+ Kxf8 19. Qb4+ Kg8 20. c4 (20. Bxh4 $15 Qxh4 21. Qd6) 20... Na6 (20... Nf3+ $17 21. Kf2 Qf6) 21. Qd6 $15 Qxd6 22. Bxd6 Bf5 23. Be2 Re8 24. cxd5 cxd5 25. Rc1 $1 Re6 26. Rc8+ Kh7 27. Rd8 Nf3+ 28. Kf2 Ng5 29. Bf4 {Hoping for Bxg5. This bishop pair is nice.} Nh3+ 30. Kg3 Nxf4 31. Kxf4 Rf6 {[#] Threatens to win with ...Bd3+.} 32. Nc3 (32. Kg3 $1 $11) 32... Nb4 ({Better is} 32... Nc7 $1 $15 33. Kg3 (33. Nxd5 $2 Nxd5+ 34. Rxd5 Bd3+ 35. Kxg4 Bxe2+ $19) 33... h5) 33. Kg3 $11 (33. Nxd5 $2 Nxd5+ 34. Rxd5 Bd3+ 35. Kxg4 Bxe2+ $19) (33. Bxg4 $2 Be6+ 34. Kg3 Rg6 $19) 33... Be6 (33... Re6 $11 34. Nxd5 Nxd5 35. Rxd5 Kg6) 34. Rd6 (34. Bxg4 $2 Rg6 35. h3 h5 $19) (34. a3 $14 Nc6 35. Rd6) 34... h5 (34... Kg6 $11) 35. e4 (35. a3 $14 Nc6 36. Nxd5 Bxd5 37. Rxd5) 35... g5 $2 (35... Bg8 $11 {and Black stays safe.} 36. Rxf6 gxf6) 36. e5 $2 (36. exd5 h4+ 37. Kg2 Bxd5+ 38. Rxd5 Nxd5 39. Nxd5 Rd6 40. Bd3+ Kg8 $11) ({White must play} 36. Nxd5 $18 h4+ 37. Kg2 Bxd5 38. Rxf6 Bxe4+ 39. Kf2) 36... Rh6 (36... h4+ $11 {keeps the balance.} 37. Kg2 Rg6) 37. a3 $16 Nc6 38. Bd3+ (38. Nxd5 $6 Nxd4 39. Bd3+ Nf5+ 40. Bxf5+ Bxf5 $11) 38... Kg7 39. Nxd5 h4+ 40. Kg2 {White is more active.} g3 $2 (40... Bc8) 41. Nc7 $18 (41. hxg3 hxg3 42. Nc7 Bh3+ 43. Kxg3 Rxd6 44. Ne8+ (44. exd6 Bd7 $11) (44. Kxh3 $2 Rh6+ 45. Kg4 Nxd4 $19) 44... Kf8 45. Nxd6 Be6 $14) 41... Bf7 42. e6 {Weighted Error Value: White=0.24 (precise) /Black=0.32} ({Weaker is} 42. hxg3 Rxd6 43. exd6 Nxd4 $11) *

[Event "Spring Tour GM Mix B 2022"]
[Site "Cattolica"]
[Date "2022.03.12"]
[Round "5.7"]
[White "Marzaduri, Riccardo"]
[Black "Begmuratov, Khumoyun"]
[Result "0-1"]
[WhiteElo "2180"]
[BlackElo "2358"]
[Annotator "RC"]
[PlyCount "70"]
[EventDate "2022.03.10"]
[EventType "swiss"]
[EventCountry "ITA"]
[SourceTitle "playchess.com"]
[Source "ChessBase"]
[SourceQuality "1"]
[TimeControl "5400+30"]

1. d4 {[%emt 0:05:12]} Nf6 {[%emt 0:00:13]} 2. Nc3 {[%emt 0:00:10]} d5 {[%emt 0:00:06]} 3. Bf4 {[%emt 0:00:07]} a6 {[%emt 0:00:18]} 4. e3 {[%emt 0:00:08]} e6 {[%emt 0:00:23]} 5. g4 {[%emt 0:00:13]} Bb4 {[%emt 0:00:40]} 6. Nge2 {[%emt 0:00:23]} c5 {[%emt 0:00:52]} 7. a3 {[%emt 0:02:09]} cxd4 {[%emt 0:13:59]} 8. axb4 {[%emt 0:02:45]} dxc3 {[%emt 0:00:10]} 9. Nxc3 {[%emt 0:00:14]} O-O {[%emt 0:08:39]} 10. b5 {[%emt 0:16:45]} Qe7 {[%emt 0:10:34]} 11. g5 {[%emt 0:05:17]} Nfd7 {[%emt 0:02:26]} 12. Rg1 {[%emt 0:05:36]} Re8 {[%emt 0:13:18]} 13. Ra4 {[%emt 0:06:11]} Nb6 {[%emt 0:04:58]} 14. Ra3 {[%emt 0:01:22]} e5 {[%emt 0:10:07]} 15. Bg3 {[%emt 0:00:20]} d4 {[%emt 0:06:37]} 16. Ne4 {[%emt 0:02:35]} Qb4+ {[%emt 0:03:58]} 17. c3 {[%emt 0:02:00]} dxc3 {[%emt 0:00:59]} 18. Nxc3 {[%emt 0:00:21]} Bf5 {[%emt 0:01:54]} 19. Rb3 {[%emt 0:03:57]} Qc5 {[%emt 0:00:53]} 20. bxa6 {[%emt 0:02:07]} bxa6 {[%emt 0:00:18]} 21. Bxe5 {[%emt 0:14:58]} Be6 {[%emt 0:00:59]} 22. Rxb6 {[%emt 0:00:12]} Qxb6 {[%emt 0:01:51]} 23. Bd4 {[%emt 0:01:36]} Qc7 {[%emt 0:01:35]} 24. Qh5 {[%emt 0:16:48]} Bf5 {[%emt 0:02:41]} 25. Qf3 {[%emt 0:01:58]} Nc6 {[%emt 0:01:05]} 26. Bxg7 {[%emt 0:00:17]} Qd7 {[%emt 0:04:21]} 27. Bf6 {[%emt 0:06:48]} Rab8 {[%emt 0:02:24]} 28. g6 {[%emt 0:01:48]} fxg6 {[%emt 0:00:42]} 29. Bc4+ {[%emt 0:01:19]} Be6 {[%emt 0:00:31]} 30. Nd5 {[%emt 0:01:00]} Nb4 {[%emt 0:03:08]} 31. Qh5 {[%emt 0:00:45]} Bxd5 {[%emt 0:01:24]} 32. Rxg6+ {[%emt 0:00:25]} hxg6 {[%emt 0:00:07]} 33. Qh8+ {[%emt 0:00:41]} Kf7 {[%emt 0:00:07]} 34. Qg7+ {[%emt 0:00:09]} Ke6 {[%emt 0:00:09]} 35. Qxg6 {[%emt 0:00:09]} Qf7 {[%emt 0:00:24]} 0-1

[Event "Spring Tour GM Mix B 2022"]
[Site "Cattolica"]
[Date "2022.03.12"]
[Round "5.8"]
[White "Davtyan, Artur"]
[Black "Jobava, Baadur"]
[Result "*"]
[WhiteElo "2460"]
[BlackElo "2588"]
[Annotator "TA"]
[PlyCount "47"]
[EventDate "2022.03.10"]
[EventType "swiss"]
[EventCountry "ITA"]
[SourceTitle "playchess.com"]
[Source "ChessBase"]
[SourceQuality "1"]

{[%evp 10,34,33,26,38,35,50,52,61,52,54,59,46,50,54,29,59,14,14,22,17,14,23,0,4,0,0]} 1. d4 Nf6 2. c4 e6 3. Nc3 Bb4 4. Qc2 d6 5. Bg5 Nbd7 6. e3 h6 {E32: Nimzo-Indian: Classical (4 Qc2): 4...0-0.} 7. Bh4 b6 {7...b6 was played by the boomers.} 8. Nge2 Bb7 {White is slightly better.} 9. a3 Bxc3+ 10. Nxc3 g5 11. Bg3 Nh5 12. O-O-O (12. d5 $5 {[%cal Rd5e6]}) 12... Qe7 13. f3 (13. Nb5 $14 Ndf6 14. f3) 13... Nxg3 $11 14. hxg3 O-O-O 15. Bd3 Nf6 16. g4 Kb8 17. Kb1 h5 {[#]  Weighted Error Value: White=0.09 (flawless) /Black=0.06 (flawless)} {Predecessor:} 18. gxh5 $146 Nxh5 19. Qf2 Nf6 20. Qg3 Nd7 21. Rh3 Rxh3 22. Qxh3 d5 23. Qg3 dxc4 24. Bxc4 {0-1 (37) Miron,L (2408)-Abramovic,B (2499) Bar 2008} *

[Event "Spring Tour GM Mix B 2022"]
[Site "Cattolica"]
[Date "2022.03.12"]
[Round "5.9"]
[White "Knudsen, Simon"]
[Black "Moroni, Luca Jr"]
[Result "*"]
[WhiteElo "2203"]
[BlackElo "2588"]
[Annotator "TA"]
[PlyCount "66"]
[EventDate "2022.03.10"]
[EventType "swiss"]
[EventCountry "ITA"]
[SourceTitle "playchess.com"]
[Source "ChessBase"]
[SourceQuality "1"]

{[%evp 9,66,29,43,20,16,22,61,25,26,23,33,9,48,49,62,55,62,56,60,40,41,44,43,44,62,52,85,64,67,50,60,59,64,44,41,23,15,0,0,0,0,0,30,40,73,72,108,106,97,98,100,70,93,100,90,100,108,104,136]} 1. e4 g6 2. d4 Bg7 3. Nf3 d6 4. Be3 Nd7 5. Qd2 c6 6. a4 {B06: Modern Defence.} Ngf6 7. Nc3 {[%cal Bb1c3,Bc3d5,Bd5f6][%mdl 32]} Qa5 8. Bd3 {White is slightly better.} O-O {[#]} 9. O-O $146 {[%cal Oc3d5]} ({Predecessor:} 9. h3 c5 10. d5 a6 11. O-O Qc7 12. Rfe1 b6 13. Bh6 Bb7 14. Bc4 Ne8 15. Bxg7 Kxg7 {1-0 (35) Redpath,J (2219)-Stevenson,J (2111) Hamilton 2004}) 9... Re8 10. Nd5 Qd8 11. Nxf6+ Nxf6 12. h3 a5 13. Rfe1 Qc7 14. c3 (14. e5 {is more complex.} Nd5 15. Bh6 Nb4 16. exd6 Qxd6 17. Be4) 14... e5 15. dxe5 dxe5 16. Qc2 h6 17. Nd2 b6 18. Nc4 Rb8 19. b4 Be6 20. Rab1 Nd7 21. bxa5 {White is more active.} bxa5 22. Rxb8 (22. Nd2 {keeps more tension.} h5 23. Bc4 Bxc4 24. Nxc4 Bf8 25. Rbd1) 22... Rxb8 23. Rb1 Rxb1+ 24. Qxb1 Bf8 25. Nd2 Bc5 26. Bxh6 Qa7 27. Qf1 Qb6 28. Bc4 $1 Bxc4 29. Nxc4 Qb3 {[%csl LRa4,LRc3] [#]} 30. Qd3 $1 ({Much weaker is} 30. Nxa5 $6 Qxa4 31. Nc4 Qc2 $11) 30... Qxa4 31. Qxd7 {Intending Qd8+ and mate. White is better.} Qxc4 {[#]} 32. Qd8+ $1 Kh7 33. Qh4 {White wants to mate with Bg5+.} f5 {Weighted Error Value: White=0.08 (flawless) /Black=0.09 (flawless)} (33... Qb5 {is a self mate.} 34. Bg5+ Kg8 35. Bf6 Bxf2+ 36. Kxf2 Qb2+ 37. Kf3 Qxc3+ 38. Kg4) *

[Event "Spring Tour GM Mix B 2022"]
[Site "Cattolica"]
[Date "2022.03.12"]
[Round "5.10"]
[White "Formento, Paolo"]
[Black "Roshka, Yevgeniy"]
[Result "0-1"]
[WhiteElo "2359"]
[BlackElo "2478"]
[Annotator "TA"]
[PlyCount "102"]
[EventDate "2022.03.10"]
[EventType "swiss"]
[EventCountry "ITA"]
[SourceTitle "playchess.com"]
[Source "ChessBase"]
[SourceQuality "1"]

{[%evp 17,102,52,56,45,78,85,92,75,80,60,68,86,95,105,89,15,18,0,0,0,0,-24,-16,-17,-15,-12,-21,-23,-11,-15,-19,-34,-20,-26,-25,-53,-23,-25,0,-81,-79,-95,-57,-86,-12,-12,-10,-14,-10,-12,-21,-12,-12,-22,-10,-21,-6,-6,-3,-10,-10,-33,0,-12,-2,-5,-2,-3,0,0,0,-4,0,-36,-34,-60,-8,-8,0,-4562,-2729,-1313,-56,-29988,-29989,-29989,-29990]} 1. d4 Nf6 2. c4 c5 3. d5 e6 4. Nc3 d6 5. e4 g6 6. Nge2 exd5 7. cxd5 Bg7 8. Ng3 O-O 9. Be2 Re8 {[%cal Ob7b5]} 10. O-O {A65: Modern Benoni: 6 e4.} h5 11. Bg5 Qb6 12. Qd2 $1 {White is better.} Nh7 13. Bh4 Nd7 14. f4 {[#]} Bf6 $146 ({Predecessor:} 14... a6 15. Kh1 Ndf6 16. e5 dxe5 17. f5 e4 18. d6 e3 19. Qd3 g5 20. Nxh5 gxh4 21. Nxg7 Kxg7 {0-1 (27) Smirnov,P (2544)-Yakubboev,N (2604) Chess.com INT 2021}) 15. Bxf6 Ndxf6 16. e5 (16. Bb5 $16 Bd7 17. Bxd7 Nxd7 18. e5) 16... dxe5 $11 17. fxe5 Rxe5 18. Qf4 $1 c4+ 19. Kh1 Qe3 20. Bxc4 Bd7 21. Qxe3 Rxe3 22. Rfe1 Rae8 23. Rxe3 Rxe3 24. Nf1 Re5 25. Nd2 {Inhibits Ne4.} Ng5 26. a4 h4 27. h3 Kf8 28. Bb3 (28. Kh2 $11) 28... Nfe4 $17 {Black is more active.} 29. Nc4 Rf5 30. Bc2 {[#]} Ng3+ (30... Rf4 $1 $17 {White must now prevent ...Nf2+.} 31. Nxe4 Nxe4) 31. Kg1 $11 Rf4 32. Ne5 Ke7 33. a5 Kd6 34. Nxd7 Kxd7 35. a6 bxa6 36. Bd3 (36. Rxa6 $2 {gets mated.} Rf1+ 37. Kh2 Rh1#) 36... Rb4 37. Rxa6 Rxb2 38. Rxa7+ Kd6 {White should prevent ...Rb3.} 39. Nd1 Rb3 40. Bc2 Rb8 41. Ra4 Rc8 42. Ne3 Rh8 43. Ra5 Rc8 44. Ra4 f5 45. Kf2 ({Of course not} 45. Rxh4 f4 46. Rg4 (46. Rh6 $2 fxe3 47. Rxg6+ Kc5 $19) 46... fxe3 $17) 45... N5e4+ 46. Bxe4 fxe4 $15 {KRN-KRN} (46... Nxe4+ $15 47. Kf3 Ke5) 47. Ra6+ $11 Ke5 48. Rxg6 $2 {[%mdl 8192] [#]} (48. d6 $11) 48... Kd4 $1 $19 49. Rf6 {Prevents Rf8.} Rc3 $2 ({Better is} 49... Kd3 $19 {( -> ...Rc1)} 50. Ra6 Rf8+ 51. Ke1 Kxe3 52. Ra3+ Kd4 53. Ra4+ Kc3 54. Ra3+ Kb2) 50. Nd1 $2 {[%mdl 8192]} (50. Nf5+ $15 Ke5 51. Rc6 Rxc6 52. dxc6 Nxf5 53. c7) 50... Rc2+ 51. Kg1 Rc1 {Weighted Error Value: White=0.42/Black=0.29 (precise)} 0-1

[Event "Spring Tour GM Mix B 2022"]
[Site "Cattolica"]
[Date "2022.03.13"]
[Round "6.6"]
[White "Park, Evan"]
[Black "Song, Julien"]
[Result "0-1"]
[WhiteElo "2296"]
[BlackElo "2352"]
[Annotator "TA"]
[PlyCount "64"]
[EventDate "2022.03.10"]
[EventType "swiss"]
[EventCountry "ITA"]
[SourceTitle "playchess.com"]
[Source "ChessBase"]
[SourceQuality "1"]

{[%evp 13,64,12,4,2,14,10,5,0,6,9,39,27,35,0,0,0,62,49,57,43,53,23,12,0,0,-25,-39,-35,-22,-17,-12,-34,-20,-20,-20,-27,-25,-28,-17,-25,0,-24,-28,-348,-300,-304,0,-29983,-29984,-29984,-29981,-29981,-29958]} 1. d4 Nf6 2. c4 e6 3. Nf3 d5 4. g3 Be7 5. Bg2 O-O 6. Nc3 dxc4 7. Ne5 Nc6 8. Bxc6 {E06: Closed Catalan: Early deviations.} bxc6 9. Nxc6 {Pair of Knights!} Qe8 10. Nxe7+ {The position is equal.} Qxe7 11. Qa4 Nd5 12. Qxc4 a5 13. f3 Ba6 14. Qc5 Qd7 ({Better is} 14... Qxc5 $11 15. dxc5 Rab8) 15. Kf2 $14 Rfb8 16. Rb1 Rb6 {[%cal Bb8b6,Bb6c6,Bc6c4][%mdl 32]} 17. Bd2 (17. Be3 $5) 17... Rc6 $1 {[#]} 18. Qxa5 $146 ({Predecessor:} 18. Qa3 Nb6 19. Be3 Nc4 20. Qb3 Rb6 21. Qc2 Rab8 22. b3 Na3 23. Qd2 Nxb1 24. Rxb1 {0-1 (35) Goryachkina,A (2592)-Dubov,D (2699) Sochi 2020}) 18... Qe8 $1 {And now ...Bc4 would win.} 19. Qa4 {[#]} Bxe2 $1 20. Qc2 Ba6 21. a3 {Inhibits Nb4.} Rc4 22. Rbd1 Rxd4 23. Nxd5 $1 Rxd5 24. Bc3 Rad8 25. Rxd5 Rxd5 26. Rd1 Qb5 27. Rxd5 {Rd8+ would kill now.} exd5 ({Resist} 27... Qxd5 28. Qe4 $14) 28. Bd4 $2 {[%mdl 8192]} (28. Qd1 $11) 28... Qf1+ $19 29. Ke3 {[#]} g5 ({Not} 29... Qg1+ 30. Qf2 Qb1 31. Qd2 $15) ({Black should try} 29... Qe1+ $1 $19 30. Kf4 h6 31. Bxg7 Kxg7 32. Qc3+ Qxc3 33. bxc3 c5) 30. Qd2 $2 {[%mdl 8192]} (30. Kd2 $11) 30... f5 {[%cal Bf7f5,Bf5f4][%mdl 32] Black mates.} 31. Be5 Qg1+ 32. Qf2 f4+ {Weighted Error Value: White=0.55/Black=0.20 (precise)} 0-1

[Event "Spring Tour GM Mix B 2022"]
[Site "Cattolica"]
[Date "2022.03.13"]
[Round "6.7"]
[White "Kanyamarala, Tarun"]
[Black "Vaishali R"]
[Result "0-1"]
[WhiteElo "2343"]
[BlackElo "2403"]
[Annotator "TA"]
[PlyCount "60"]
[EventDate "2022.03.10"]
[EventType "swiss"]
[EventCountry "ITA"]
[SourceTitle "playchess.com"]
[Source "ChessBase"]
[SourceQuality "1"]

{[%evp 9,60,30,50,22,43,44,27,22,43,29,43,16,32,0,0,0,0,-83,-79,-111,-110,-99,-92,-172,-154,-174,-188,-158,-143,-136,-5,-223,-234,-274,-182,-525,-525,-598,-591,-661,-652,-1032,-986,-999,-982,-925,-702,-674,-673,-910,-641,-618,-541]} 1. d4 d5 2. c4 e6 3. Nc3 h6 4. Nf3 Nf6 5. g3 Bd6 6. Bg2 {D37: Queen's Gambit Declined: 5 Bf4.} O-O 7. O-O Nc6 8. b3 {[%cal Bb2b3,Bb3c4][%mdl 32] White has an edge.} dxc4 9. bxc4 e5 10. e3 Re8 {[#]} 11. h3 $146 ({Predecessor:} 11. Rb1 Rb8 12. c5 exd4 13. exd4 Bf8 14. d5 Na5 15. Qd4 b6 16. c6 Bf5 17. Ra1 {0-1 (44) Bluebaum,M (2647)-Fedoseev,V (2678) Chess.com INT 2020}) 11... exd4 12. exd4 Bf5 13. d5 (13. Bb2 $11) 13... Nb4 14. a3 Nd3 {Black is more active.} 15. Nd4 Bg6 16. Ncb5 (16. Nce2 $17 {was called for.}) 16... Bc5 $19 {[#] White must now prevent ...a6.} 17. Be3 a6 18. Nc3 Rxe3 19. fxe3 Qe7 (19... Qd6 $17 20. Nce2 Re8) 20. Qe2 $2 {Loses the game.} (20. Nf5 $1 $11 {and White stays safe.} Bxf5 21. Rxf5 Qxe3+ 22. Kh2) 20... Qe5 {[%mdl 1024] Black has strong compensation.} 21. Kh2 Re8 {And now ...Bd6 would win.} 22. Ra2 $2 (22. Qd2 {nothing else works.}) 22... Bd6 {This bishop pair is nice. Black is clearly winning.} 23. Rf3 Nc1 {[%csl LRa2,LRe2]} 24. Qf2 Nxa2 25. Nxa2 Ne4 {Inhibits Nc3.} 26. Qe1 Nxg3 27. Qxg3 Qxg3+ 28. Rxg3 Rxe3 {[%mdl 64] [#] Pin} 29. Nf3 Rxa3 30. Nc1 Be4 {Weighted Error Value: White=0.89/Black=0.32} 0-1

[Event "Spring Tour GM Mix B 2022"]
[Site "Cattolica"]
[Date "2022.03.13"]
[Round "6.9"]
[White "Mirzoev, Emil"]
[Black "Knudsen, Simon"]
[Result "1/2-1/2"]
[WhiteElo "2460"]
[BlackElo "2203"]
[Annotator "TA"]
[PlyCount "104"]
[EventDate "2022.03.10"]
[EventType "swiss"]
[EventCountry "ITA"]
[SourceTitle "playchess.com"]
[Source "ChessBase"]
[SourceQuality "1"]

{[%evp 10,104,-6,-7,0,-3,0,-11,0,0,0,0,0,0,0,0,7,15,8,8,50,27,37,21,24,25,242,14,8,0,0,0,0,-10,-16,-81,0,-35,0,0,0,26,37,43,45,0,0,5,11,0,-11,-21,-7,-20,0,-26,0,-38,0,-18,0,-66,0,-79,0,0,0,0,0,0,0,-31,-17,-32,0,0,0,-84,-4,-60,0,0,0,0,0,-17,0,0,115,0,0,0,83,-3,0,0,70]} 1. d4 {Krasenkow,Michal} Nf6 2. c4 g6 3. Nc3 d5 4. e3 Bg7 5. Qb3 e6 6. Qa3 a5 {D80: Grünfeld: Unusual White 4th moves and 4 Bg5.} 7. Nf3 c6 8. b3 Na6 {[%cal Oe6e5]} 9. Be2 Ne4 10. Qb2 O-O 11. O-O b6 12. Rd1 {[#]} Qe7 $146 ({Predecessor:} 12... Bb7 13. Bd2 Nxd2 14. Qxd2 Nb8 15. Rac1 Nd7 16. Na4 Qe7 17. Ne1 Rfd8 18. cxd5 exd5 {½-½ (84) Nakamura,H (2775)-Caruana,F (2774) Thessaloniki 2013 CBM 155 [Krasenkow,Michal]}) 13. Bd2 Nxc3 14. Bxc3 Bd7 (14... Bb7 $11) 15. a3 Rfb8 16. b4 (16. Rdc1 {is interesting.} Nc7 17. Ne5 Bxe5 18. dxe5 c5 19. Bf3) 16... axb4 17. axb4 c5 $2 (17... Nc7 $11 {and Black stays safe.}) 18. cxd5 $2 (18. bxc5 $18 Qd8 19. cxd5 bxc5 20. Qc1) 18... Nxb4 $11 19. Bxb4 cxb4 20. Bc4 exd5 21. Bxd5 Ra5 22. Qb3 (22. Bc4 $11) 22... Be8 {This bishop pair is nice.} (22... Rc8 $17 {Threatens to win with ...Rc3.} 23. Bc4 Rca8) 23. Rdc1 Rd8 (23... Rc8 $5 {[%cal Rc8c3]} 24. Bc4 Bd7 $11) 24. e4 Bh6 25. Re1 Rc8 26. Rab1 Bf8 27. Rec1 {Prevents Rc3.} (27. Qb2 $14) 27... Rc7 28. Qb2 Ra3 29. Rxc7 Qxc7 30. h3 Rc3 31. Qd2 Rc2 32. Qe3 Rc3 33. Qe2 Rc2 34. Qe3 Rc3 35. Qe2 (35. Qd2 $11) 35... Rc2 (35... Bc6 $15 36. Bxc6 Qxc6) 36. Qa6 (36. Qe3 $11) 36... Rc1+ ({Black should try} 36... Bc6 $17 37. Bb3 Rc3) 37. Rxc1 Qxc1+ 38. Kh2 Qf4+ 39. Kg1 Qc1+ 40. Qf1 (40. Kh2 {keeps more tension.}) 40... Qc3 41. Qd1 {Prevents b3.} Kg7 42. Kh2 Bb5 {[#] aiming for ...Bc4.} 43. Qb3 {Prevents Bc4.} (43. Qd2 $1 $11 Bc4 44. Qf4 (44. Qxc3 $2 bxc3 45. Ne1 Bxd5 $19) 44... Bxd5 45. Qe5+ (45. exd5 Qc4 $17) 45... Kg8 46. Qxd5) 43... Bd3 (43... Be2 $17 {Threatening ...b5.} 44. Qa4 (44. Bxf7 $2 Bxf3 45. gxf3 Qc7+ 46. Kg2 Qxf7 $19) 44... Bxf3) 44. Qa4 (44. e5 $11) 44... Qc1 (44... Qc7+ $15 45. e5 b5) 45. e5 $1 Qf4+ 46. g3 Qf5 47. Kg2 b5 48. Qa2 Bb1 {[#]} (48... Be4 $11 {remains equal.} 49. Bxe4 Qxe4) 49. Qe2 {White is more active.} (49. Qa6 $1 $16 {[%cal Ra6b7] And now Qb7 would win.} Bd3 50. Qc6) 49... Bd3 50. Qa2 Bb1 (50... Be4 $11 {keeps the balance.} 51. Bxe4 Qxe4) 51. Qe2 (51. Qa8 $16 {Qb7 is the strong threat.} Qd7 52. Ng5) 51... Bd3 ({Black should play} 51... Qd7 $11 52. Bb3 Bf5) 52. Qa2 $14 Bb1 {Weighted Error Value: White=0.32/Black=0.31} 1/2-1/2

[Event "Spring Tour GM Mix B 2022"]
[Site "Cattolica"]
[Date "2022.03.13"]
[Round "6.10"]
[White "Chennaoui, Yasin"]
[Black "Formento, Paolo"]
[Result "0-1"]
[WhiteElo "2014"]
[BlackElo "2359"]
[Annotator "TA"]
[PlyCount "78"]
[EventDate "2022.03.10"]
[EventType "swiss"]
[EventCountry "ITA"]
[SourceTitle "playchess.com"]
[Source "ChessBase"]
[SourceQuality "1"]

{[%evp 9,77,13,11,8,9,0,0,-33,-33,-48,-53,-49,-15,-40,-57,-46,-45,-40,-51,-43,-44,-99,-93,-197,-184,-253,-264,-267,-122,-593,-466,-511,-516,-907,-895,-1262,-413,-412,-403,-712,-697,-673,-542,-655,-542,-514,-455,-581,-425,-527,-493,-490,-467,-852,-793,-841,-820,-852,-715,-29976,-29977,-29985,-29986,-29996,-29997,-29997,-29998,-29998,-29999,-29999]} 1. c4 e5 2. g3 Nf6 3. Bg2 c6 4. d4 e4 5. Nc3 d5 6. Bg5 {A20: English Opening: 1...e5.} Bb4 7. Qb3 Bxc3+ 8. bxc3 {The position is equal.} Nbd7 {[%cal Bb8d7,Bd7f6,Bf6e4][%mdl 32] [#]} 9. a4 $146 ({Predecessor:} 9. Nh3 O-O 10. O-O h6 11. Bxf6 Nxf6 12. cxd5 cxd5 13. c4 dxc4 14. Qxc4 Bg4 15. f3 exf3 16. exf3 {0-1 (53) Gagunashvili,M (2573)-Paichadze,L (2566) Tbilisi 2022}) 9... O-O 10. a5 Re8 (10... h6 $5 {[%cal Rh6g5]} 11. Bf4 b6 $15) 11. e3 h6 12. Bxf6 Nxf6 13. Ne2 Bg4 14. h3 Bf3 15. Bxf3 (15. Nf4 $15) 15... exf3 16. Ng1 (16. Nf4 $17 {was forced.}) 16... Ne4 $36 {[%mdl 2048] aiming for ...dxc4. Black has strong initiative.} 17. cxd5 (17. c5 {was necessary.}) 17... cxd5 $19 ({Worse is} 17... Qxd5 18. Qxd5 cxd5 19. Nxf3 $11) 18. Qd1 Qc7 ({And not} 18... Nxc3 19. Qxf3 b5 20. Ne2 $17) (18... Rc8 $1 $19 {[%cal Oe4g3] is more deadly. And now ...Nxg3! would win.} 19. Qxf3 Rc6) 19. Qc2 $2 {[%mdl 8192] This move loses the game for White.} (19. Nxf3 $17 {nothing else works.} Qxc3+ 20. Kf1) 19... Re6 {[%cal Be8e6,Be6f6,Bf6f2][%mdl 32]} 20. Nxf3 Rf6 21. Nd2 (21. c4 $142 Rxf3 22. O-O) 21... Rxf2 {...Rc8 is the strong threat.} 22. Qxe4 {[#]} dxe4 ({Inferior is} 22... Rxd2 23. Qf4 Qxc3 24. O-O $17) (22... Qxc3 $142 $1 {[%csl Gf2][%cal Rc3d2]} 23. Rd1 {[#]} Rxd2 $1 {[%mdl 512]}) 23. Kxf2 Qxc3 24. Nxe4 (24. Rhd1 $142) 24... Qc2+ 25. Kf3 Re8 26. Nf2 Qc3 {Prevents Ra3.} 27. Rhe1 f5 {Prevents Ng4. Strongly threatening ...Qc6+.} 28. h4 g5 29. hxg5 hxg5 {Hoping for ...g4+.} 30. Rad1 Qxa5 31. Nd3 (31. d5 $142) 31... Qd5+ 32. Kf2 Kg7 {White must now prevent ...Rh8.} 33. Ne5 g4 {( -> ...Rh8)} 34. Rc1 Rh8 {Black mates.} 35. Rc7+ Kf6 36. Rf1 Rh2+ 37. Ke1 Qa5+ 38. Rc3 Qxc3+ 39. Kd1 Qd2# {Weighted Error Value: White=0.95/Black=0.41} 0-1